000 00491cam a2200193ua 4500
001 11962
008 191206n ii |||gr||||Z||||||eng
020 _a9789380261416
040 _cMAIN
082 _a954.035
100 _aJogesh Kakati,
_eAuthor.
245 _aSubhas Chabdra Bose and the British Raj
_cBy Jogesh Kakati
250 _a1st ed.
260 _aGuwahati:
_bEBH Publisher,
_c2011.
300 _a128p.
653 _aSouth Asia India
653 _aIndian History
942 _cBK
999 _c10749
_d10749